Microwave engineering (Record no. 31318)

000 -LEADER
fixed length control field 00525nam a2200205 a 4500
001 - CONTROL NUMBER
control field 31318
003 - CONTROL NUMBER IDENTIFIER
control field BD-DhUET
008 - FIXED-LENGTH DATA ELEMENTS--GENERAL INFORMATION
fixed length control field 861022s1986 enka b 001 0 eng
020 ## - INTERNATIONAL STANDARD BOOK NUMBER
International Standard Book Number 9788126510498
040 ## - CATALOGING SOURCE
Transcribing agency DLC
Modifying agency BD-DhUET
082 ## - DEWEY DECIMAL CLASSIFICATION NUMBER
Classification number 623.813
Item number POZ/1989
100 ## - MAIN ENTRY--PERSONAL NAME
Personal name Pozar, David M.
245 10 - TITLE STATEMENT
Title Microwave engineering
250 ## - EDITION STATEMENT
Edition statement 3rd ed.
260 ## - PUBLICATION, DISTRIBUTION, ETC. (IMPRINT)
Place of publication, distribution, etc. Singapore
Name of publisher, distributor, etc. John Wiley & Sons
Date of publication, distribution, etc. 1989
300 ## - PHYSICAL DESCRIPTION
Extent xvii, 700 p.
Other physical details ill.
Dimensions 25 cm.
504 ## - BIBLIOGRAPHY, ETC. NOTE
Bibliography, etc Includes bibliographies
650 #0 - SUBJECT ADDED ENTRY--TOPICAL TERM
Topical term or geographic name as entry element Microwave devices
942 ## - ADDED ENTRY ELEMENTS (KOHA)
Koha item type General Book
Holdings
Shelving location Koha date last seen Not for loan Koha item type Withdrawn status Lost status Price effective from Date acquired Source of classification or shelving scheme Damaged status Koha normalized classification for sorting Location (home branch) Copy number Sublocation or collection (holding branch) Koha full call number Piece designation (barcode)
Reading section2015-06-29 Reading Item  2015-06-292015-06-29  623_813000000000000_POZ_1989Central Library, BUET1Central Library, BUET623.813/POZ/1989112168